| 000 | 00432nam a2200193Ia 4500 | ||
|---|---|---|---|
| 008 | 170918s9999 xx 000 0 und d | ||
| 020 | _a590368052 | ||
| 050 | _bC278 1996 | ||
| 100 | _aCarle, Eric | ||
| 245 | _aLittle cloud / | ||
| 245 | _cEric Carle. | ||
| 260 | _aNew York : | ||
| 260 | _bScholastic, | ||
| 260 | _c1996 | ||
| 300 | _aunpaged : | ||
| 300 | _bcolored illustration ; | ||
| 300 | _c30cm. | ||
| 500 | _a390 | ||
| 999 |
_c342599 _d342599 |
||